Economía de los granos forrajeros /

Guardado en:
Autor Principal: Coscia, Adolfo A.
Formato: Libro
Publicado: Buenos Aires : Hemisferio Sur, 1982
Materias:
Etiquetas: Agregar Etiqueta
Sin Etiquetas, Sea el primero en etiquetar este registro!
LEADER 00793nam a22001935a 4500
001 CEM.cems016518
005 20110922101710.0
008 130507s1982##################000#0#####d
003 CEMS
020 |a 9500042479 
082 0 4 |a 338.17 
100 1 |a Coscia, Adolfo A. 
245 1 0 |a Economía de los granos forrajeros /  |c Adolfo A. Coscia 
260 |a Buenos Aires :  |b Hemisferio Sur,  |c 1982 
300 |a 120 p. 
505 0 |a Granos forrajeros -- Consumo mundial de granos forrajeros -- Producción de cereales forrajeros -- Comercio internacional -- Los granos forrajeros en la Argentina -- Comercialización interna -- Consumo interno -- Precio -- Perspectivas 
653 |a Economía 
653 |a Granos forrajeros-comercialización 
859 |a CEMS  |b BIB. CEMS - Agricultura  |h 338.17  |i C82-1  |p A16006.90  |t Ej.1